Airlines Serving Victoria (YYJ) - Statistics

General Stats
  • This quiz has been taken 31 times
    23 since last reset
  • The average score is 4 of 7
Answer Stats
Airline % Correct
Air Canada
100%
WestJet
87%
Alaska Airlines
73%
Flair Airlines
60%
Air North
27%
Lynx Air
20%
Pacific Coastal Airlines
20%
No matching quizzes found
Score Distribution
Percent of People with Each Score
Percentile by Number Answered
Your Score History
You have not taken this quiz since the last reset